Detection of B-1, 3-glucanase isoforms against corynespora leaf disease of rubber (Hevea brasiliensis) (Record no. 51621)

MARC details
000 -LEADER
fixed length control field 00542nam a2200181Ia 4500
100 ## - MAIN ENTRY--AUTHOR NAME
Personal name Philip S.
245 #0 - TITLE STATEMENT
Title Detection of B-1, 3-glucanase isoforms against corynespora leaf disease of rubber (Hevea brasiliensis)
260 ## - PUBLICATION, DISTRIBUTION, ETC. (IMPRINT)
Name of publisher Indian Journal of Natural Rubber Research
Year of publication 2001
300 ## - PHYSICAL DESCRIPTION
Number of Pages 6-Jan
650 ## - SUBJECT ADDED ENTRY--TOPICAL TERM
Topical Term B-1,3-glucanase
650 ## - SUBJECT ADDED ENTRY--TOPICAL TERM
Topical Term Corynespora cassiicola
700 ## - ADDED ENTRY--PERSONAL NAME
Personal name Jacob C.K.
700 ## - ADDED ENTRY--PERSONAL NAME
Personal name Joseph A.
700 ## - ADDED ENTRY--PERSONAL NAME
Personal name Kothandaraman R.
700 ## - ADDED ENTRY--PERSONAL NAME
Personal name Kumar K.A.
942 ## - ADDED ENTRY ELEMENTS (KOHA)
Koha item type Bibliography STAF
Holdings
Withdrawn status Lost status Damaged status Not for loan Home library Current library Date acquired Serial Enumeration / chronology Koha item type
      Bibliography RRII Library RRII Library 09/04/2014 Volume 14, Issue 1 Bibliography STAF